000 00829nam a2200217 i 4500
001 73329
003 ES-MaACL
005 20250902103427.0
007 t|
008 040929s1959 sp ||||1| spa d
080 _a528.9(410)
100 1 _aGarcía Camarero, Ernesto,
_d1932-2022
_954320
245 1 3 _aLa escuela cartográfica inglesa "At the Signe of the Platt" /
_cpor Ernesto García Camarero.
260 _aMadrid :
_b[s.n.],
_c1959 (
_fS. Aguirre Torre)
300 _aP. [65]-68, [7] h. pleg. de map. ;
_c24 cm.
595 _aTirada aparte de: Publicaciones de la Real Sociedad Geográfica. Serie B, n. 399.
650 1 4 _aCartografía-
_zGran Bretaña.
_910809
710 2 _aReal Sociedad Geográfica
_96403
852 _aES-MaACL
_j2181-F-16
_z- Donat. Ernesto García Camarero
999 _c73329
_d73329